Mochila al hombro 1

Gardado en:
Detalles Bibliográficos
Main Authors: Dicovskiy, Esteban (Author), Gueler, Lanina (Author), Eliezer, Marisa (Author), Rossano, Alejandra (Author)
Formato: Libro
Idioma:Lingua castelá
Publicado: Buenos Aires A-Z Editora 1998
Subjects:
Tags: Engadir etiqueta
Sen Etiquetas, Sexa o primeiro en etiquetar este rexistro!

MARC

LEADER 00000nam a2200000 a 4500
001 UCP6188
003 CL-VaPUC
008 991015e19980000AG |||||||||||||||||spa|d
082 0 4 |a 372.24  |b DIC  |2 21 
100 0 |a Dicovskiy, Esteban  |e author  |9 435116 
700 0 |a Gueler, Lanina  |e author  |9 435117 
700 0 |a Eliezer, Marisa  |e author  |9 435118 
700 0 |a Rossano, Alejandra  |e author  |9 435119 
245 1 0 |a Mochila al hombro 1 
300 |a 23 p 
942 |c BK 
945 |d 19991015 00:00:00  |a rbrito 
260 |a Buenos Aires  |b A-Z Editora  |c 1998 
500 |a Incluye en forma separada texto del profesor 
650 0 |a Educación básica   |9 224933 
650 0 |a Métodos de enseñanza  |9 270413 
583 |a last modification  |c 20121108 09:21:07  |k Rodrigo Vera 
999 |c 283798  |d 283796 
952 |0 0  |1 0  |4 0  |6 372_240000000000000_DIC_1998  |7 0  |8 P  |9 327255  |a BIBEDU  |b BIBEDU  |c BIBEDU_PB  |d 2019-11-20  |i 356987K  |o 372.24 DIC 1998  |p 356987K  |r 2024-01-25  |w 2019-11-20  |y BK  |k EDU 
952 |0 0  |1 0  |4 0  |6 372_240000000000000_DIC_1998  |7 0  |8 P  |9 327256  |a BIBEDU  |b BIBEDU  |c BIBEDU_PB  |d 2019-11-20  |i 3569888  |o 372.24 DIC 1998  |p 3569888  |r 2024-01-25  |w 2019-11-20  |y BK  |k EDU